000 00889am a2200325a 44500
003 AR-BaBNM
005 20251128203910.0
008 011101s1971 #AR|||||||||||000 | esp||
040 _cAR-BaBNM
245 1 0 _aLa educación y la idea de humanidad
250 _a1ª ed.
260 _aBuenos Aires
_bPaidós
_c1971
300 _a296 p.
490 0 _aBiblioteca del educador contemporáneo
_vv. 14
650 4 _aFILOSOFIA DE LA EDUCACION
650 4 _aCAMBIO CULTURAL
650 4 _aMETAS EDUCACIONALES
650 4 _aCONDUCTA INFANTIL
650 4 _aEVALUACION
650 4 _aESTETICA
650 4 _aCONDUCTA
653 _aEDUCACION INICIAL
653 _aEDUCACION SECUNDARIA
653 _aEDUCACION SUPERIOR
700 1 _aUlich, Robert
_ecompilador
800 1 _aRomero Brest, Gilda Lamarque de
800 1 _aBernstein, Jaime
_edirector
942 _cBK
998 _ccarmen
999 _c5392
_d5392